000 00837cab a2200205 4500
001 ##L134913
008 060911n2006 000 0 eng u
035 _a(Sirsi) u134913
041 0 _aeng
100 1 _aHipwell, Deidre
245 0 0 _aRegional
_bBerkshire
260 _c2006
490 0 _aProperty Week
_v71(36) 8 September 2006, 89-103(8)
520 _aExamines the commercial property market in Berkshire, including the effect which retail developments outside Reading will have on Reading town centre and the office and investment market in Reading and neighbouring towns. Also looks at the founding of a new property consultancy, Fryer Holt, based in Reading. Tables.
590 _aIKA190906
651 4 _aBERKSHIRE
651 4 _aREADING
690 _aPROPERTY-COMMERCIAL PROPERTY-COMMERCIAL PROPERTY MARKET
942 _n0
999 _c77706
_d77706